000 00581nam a2200217 a 4500
001 0001-2116
003 ELIB.Books
008 190724 2010 eng
020 _a0029099129
092 _a230.082
_bEva
100 _aEvans, Sara M.
245 _aTidal Wave
_bHow Women Changed America at Century's End
260 _aNew York
_bThe Free Press
_c2003
300 _a304
_c23.5cm
650 _aFeminist Theology
856 _nKBTS Library
_uKBTS Elib
942 _2ddc
_cBK
990 _a1
998 _aEnglishbooks.elf
_ccat
_e2019-07-24
999 _c12116
_d12116